Effektivnost' proizvodstva v evropejskich stranach SEV

Saved in:
Bibliographic Details
Format: Book
Language:Russian
Published: Moskva Nauka 1986
Subjects:
Tags: Add Tag
No Tags, Be the first to tag this record!

MARC

LEADER 00000nam a2200000 4500
001 c104363
005 20260325070747.3
041 0 |a rus 
044 |a RU 
245 1 0 |a Effektivnost' proizvodstva v evropejskich stranach SEV  |c Otv. red. K.I. Mikul'skij 
264 1 |a Moskva  |b Nauka  |c 1986 
300 |a 157 s. 
610 2 0 |a RVHP